| 000 | 02287cam a22002294a 4500 | ||
|---|---|---|---|
| 005 | 20250605163947.0 | ||
| 008 | 250528s ||||||||||||||||||||||||d | ||
| 035 | _a15230 | ||
| 020 | _a314465529 | ||
| 040 |
_aGR-AtMCL _bgre _dGR-AtMCL _eAACR2 |
||
| 245 | 1 | _aManagerial Economics / Fifth Edition | |
| 250 | _a5th | ||
| 260 |
_bWest Publishing Company, _c1989 |
||
| 300 | _a768 | ||
| 505 | 0 | _aPreface, Introduction and Goals of the Firm, Fundamental Economic Concepts, Decision Making under Risk and Uncertainty, Tools of Analysis, Classical Optimization Techniques, Linear Programming, Econometrics, Theory of Demand, Empirical Estimation of Demand, Business and Economic Forecasting, Forecasting: Additional Topics, Production and Cost, Theory of Production, Theory of Cost, Empirical Determination of Production and Cost Functions, Pricing and Output Decisions, Price and Output Determination: Pure Competition and Monopolistic Competition and Monopoly, Price and Output Determination: Oligopoly, Further Topics in Pricing, Capital Budgeting and the Cost of Capital, Cost-Benefit Analysis and Public Sector Management, Government Responses to Market Failure, Government Regulation and Support of the Private Sector, Public Utility Regulation, Appendices, Index. | |
| 520 | _aPreface, Introduction and Goals of the Firm, Fundamental Economic Concepts, Decision Making under Risk and Uncertainty, Tools of Analysis, Classical Optimization Techniques, Linear Programming, Econometrics, Theory of Demand, Empirical Estimation of Demand, Business and Economic Forecasting, Forecasting: Additional Topics, Production and Cost, Theory of Production, Theory of Cost, Empirical Determination of Production and Cost Functions, Pricing and Output Decisions, Price and Output Determination: Pure Competition and Monopolistic Competition and Monopoly, Price and Output Determination: Oligopoly, Further Topics in Pricing, Capital Budgeting and the Cost of Capital, Cost-Benefit Analysis and Public Sector Management, Government Responses to Market Failure, Government Regulation and Support of the Private Sector, Public Utility Regulation, Appendices, Index. | ||
| 700 | 1 |
_aMcguigan R. James _91117 |
|
| 700 | 1 |
_aMoyer Charles R _91118 |
|
| 942 | _cBK | ||
| 999 |
_c824 _d824 |
||